Khuṭab. (Record no. 45403)
[ view plain ]
| 000 -LEADER | |
|---|---|
| fixed length control field | 00485cam a22002051 4500 |
| 001 - CONTROL NUMBER | |
| control field | ne 63000037 |
| 003 - CONTROL NUMBER IDENTIFIER | |
| control field | DLC |
| 005 - DATE AND TIME OF LATEST TRANSACTION | |
| control field | 20260227111739.0 |
| 008 - FIXED-LENGTH DATA ELEMENTS--GENERAL INFORMATION | |
| fixed length control field | 890620s1962 xx 000 0 ara |
| 010 ## - LIBRARY OF CONGRESS CONTROL NUMBER | |
| LC control number | ne 63000037 |
| 035 ## - SYSTEM CONTROL NUMBER | |
| System control number | (OCoLC)23487469 |
| 040 ## - CATALOGING SOURCE | |
| Original cataloging agency | DLC |
| Transcribing agency | MiU |
| Modifying agency | DLC |
| 042 ## - AUTHENTICATION CODE | |
| Authentication code | premarc |
| 050 00 - LIBRARY OF CONGRESS CALL NUMBER | |
| Classification number | DT107.83 |
| Item number | .N37 |
| 100 1# - MAIN ENTRY--PERSONAL NAME | |
| Personal name | Nasser, Gamal Abdel, |
| Dates associated with a name | 1918-1970. |
| 245 00 - TITLE STATEMENT | |
| Title | Khuṭab. |
| 260 ## - PUBLICATION, DISTRIBUTION, ETC. | |
| Date of publication, distribution, etc. | [1962. 197] |
| 300 ## - PHYSICAL DESCRIPTION | |
| Extent | 127 p. |
| Dimensions | 28 cm. |
| 500 ## - GENERAL NOTE | |
| General note | Romanized. |
No items available.